Les dossiers de l'action missionnaire : manuel de missiologie : fascicule III /

Guardado en:
Detalles Bibliográficos
Autor principal: Charles, Pierre (autor)
Formato: Libro
Idioma:Francés
Publicado: Lovaina, Bélgica : Bruselas, Bélgica : Editions de L'Aucam : Edition Universelle, 1939
Edición:2a edición
Temas:
Etiquetas: Agrega una etiqueta
Sin etiquetas, Sé el primero en etiquetar este registro!

MARC

LEADER 00000nam^a2200000^a^4500
001 000431483
005 20250526000000.0
009 20260310122950.158
037 |a Acervo Xavier Clavigero 
041 |a FRA 
082 |a 266.  |b CHA V. 1 T. 3 
100 |a Charles, Pierre  |e (autor) 
240 1 5 |a [Les dossiers de l'action missionnaire] 
245 1 4 |a Les dossiers de l'action missionnaire :  |b manuel de missiologie : fascicule III /  |c P. Charles. 
250 |a 2a edición  |b corregida y aumentada 
264 1 |a Lovaina, Bélgica :  |b Editions de L'Aucam :  |a Bruselas, Bélgica :  |b Edition Universelle,  |c 1939 
300 |a 172-254 p. ;  |c 21.0 cm. 
336 |a texto  |b txt  |2 rdacontenido 
337 |a sin mediación  |b n  |2 rdamedio 
338 |a volumen  |b nc  |2 rdasoporte 
649 |a XX 
650 |a Misiones -  |x Tema Principal 
650 |a Evangelización 
650 |a Teología Pastoral 
650 |a Sintoísmo 
650 |a Taoísmo 
650 |a Budismo 
650 |a Hinduismo 
650 |a Confucianismo 
650 |a Islamismo 
650 |a Catolicismo 
650 |a Cristianismo 
650 |a Religión 
910 |a Fondo General 
920 |a Impresos - Libros 
930 |a Libros Antiguos y Raros 
940 |a Jesuitas - Selección de la Compañía de Jesús 
905 |a 108 
901 |a 054313  |b IT2  |c LRA  |i D5694  |u 20250526 
902 |a https://opac.biblio.iteso.mx/vufind/Record/000431483